000 01469nam0a2200349 4500
001 RU\NLR\bibl\1299887
005 20250615150746.0
010 _a978-5-93093-587-5
_91000
021 _aRU
_b2008-77402
_94480
035 _a(NLR Aleph) 001285483
090 _a525967
_c525967
100 _a20081128d2008 |||y0rusy50 ca
101 1 _arus
_cchi
102 _aRU
105 _aa |||||||||
200 1 _aПроектирование современных высотных зданий
_f[Сюй Пэйфу, Фу Сюеи, Ван Цуйкунь, Сяо Цунчжэнь]
_gпод ред. Сюй Пэйфу
_g[пер. с кит. Жэнь Фэй и Сунь Цзэнъу под ред. акад. РААСН, д.т.н., проф. В.И. Колчунова и др.]
210 _aМосква
_cИзд-во Ассоциации строительных вузов
_d2008
215 _a467, [1] с.
_cил.
_d24
300 _aАвт. указаны на обл.
320 _aБиблиогр.: с. 458-462 (120 назв.)
606 1 _aВысотные здания
_xПроектирование
_92548140
_3RU\NLR\auth\661508017
686 _aН702.3-022
701 1 _aСюй Пэйфу
_4070
701 1 _aФу Сюеи
_4070
701 1 _aВан Цуйкунь
_4070
701 1 _aСяо Цунчжэнь
_4070
702 1 _aЖэнь Фэй
_4730
801 0 _aRU
_bNLR
_c20081128
_gRCR
801 1 _aRU
_bNLR
_c20081128
942 _cBOOK
980 _aNB